Boletín de las leyes y decretos del gobierno: 1941

Gardado en:
Detalles Bibliográficos
Formato: Libro
Idioma:Lingua castelá
Publicado: Santiago Dirección General de Prisiones 1941
Subjects:
Tags: Engadir etiqueta
Sen Etiquetas, Sexa o primeiro en etiquetar este rexistro!

MARC

LEADER 00000nam a2200000 a 4500
001 UCR1554
003 CL-VaPUC
008 971219e19410000CL |||||||||||||||||spa|d
082 0 4 |a 348.022  |b BOL  |2 21 
245 1 0 |a Boletín de las leyes y decretos del gobierno: 1941 
300 |a 2 v 
942 |c BK 
945 |d 19971219 00:00:00  |a lriquelm 
260 |a Santiago  |b Dirección General de Prisiones  |c 1941 
650 7 |a LEGISLACION  |2 CL-VaPUC  |9 398797 
650 7 |a DERECHO CHILENO  |2 CL-VaPUC  |9 398798 
650 0 |a Leyes  |9 256670 
650 7 |a FUENTES  |2 CL-VaPUC  |9 255666 
651 7 |a CHILE  |2 CL-VaPUC  |9 398799 
583 |a last modification  |c 19971219 00:00:00  |k Rodrigo Vera 
999 |c 264955  |d 264953 
952 |0 0  |1 0  |4 0  |6 348_022000000000000_BOL_1941  |7 0  |8 X  |9 295668  |a BIBDER  |b BIBDER  |d 2019-11-20  |h v.110 p.1  |i 1925512  |o 348.022 BOL 1941  |p 1925512  |r 2023-01-25  |w 2019-11-20  |y BK_X  |k DER 
952 |0 0  |1 0  |4 0  |6 348_022000000000000_BOL_1941  |7 0  |8 X  |9 295669  |a BIBDER  |b BIBDER  |d 2019-11-20  |h v.110 p.2  |i 1925091  |o 348.022 BOL 1941  |p 1925091  |r 2023-01-25  |w 2019-11-20  |y BK_X  |k DER